[Event "Arica op 8th"]
[Site "Arica"]
[Date "2022.12.20"]
[Round "8"]
[White "Perez Gormaz, Matias Ariel"]
[Black "Flores Tomasto, Luis"]
[Result "1-0"]
[WhiteElo "2397"]
[BlackElo "2256"]
[PlyCount "141"]
[EventDate "2022.12.16"]
[EventType "swiss"]
[EventRounds "10"]
[EventCountry "CHI"]
[SourceTitle "CBM 212 Extra"]
[Source "ChessBase"]
[SourceDate "2023.03.31"]
[SourceVersion "1"]
[SourceVersionDate "2023.03.31"]
[SourceQuality "1"]

1. e4 c5 2. Nf3 d6 3. d4 cxd4 4. Nxd4 Nf6 5. Nc3 a6 6. Be3 e5 7. Nf3 Be7 8. Bc4 0-0 9. 0-0 Qc7 10. Bb3 Nc6 11. Bg5 Be6 12. Bxf6 Bxf6 13. Nd5 Bxd5 14. Qxd5 Rac8 15. c3 Na5 16. Rfd1 Rfd8 17. Rd3 b5 18. Rd2 Nc4 19. Re2 Qb6 20. Rd1 Rc5 21. Qd3 h6 22. Qc2 Qb7 23. Bxc4 bxc4 24. Red2 Rb5 25. h3 Rb8 26. Rb1 a5 27. Re2 d5 28. exd5 Qxd5 29. Rd1 Qb7 30. Rdd2 e4 31. Qxe4 Qxe4 32. Rxe4 Rxb2 33. Rxc4 Rb1+ 34. Kh2 Rc1 35. Nd4 Be5+ 36. g3 Bxd4 37. Rdxd4 Rc2 38. Rf4 Rxa2 39. Rc7 Rf8 40. Kg2 Rc2 41. Rf5 a4 42. Ra5 Rd8 43. Rxa4 Rd6 44. Rf4 Rf6 45. Rxf6 gxf6 46. Rc8+ Kg7 47. c4 Kh7 48. c5 Kg7 49. c6 Rc3 50. Kf1 Rc2 51. Ke1 h5 52. h4 Rc5 53. Kd2 f5 54. Kd3 Rc1 55. Kd4 Rc2 56. Kd5 Rd2+ 57. Kc5 Rc2+ 58. Kd6 Rxf2 59. Ra8 Rd2+ 60. Kc7 Rd3 61. Ra5 Kf6 62. Kb6 Ke7 63. Rxf5 f6 64. Kc7 Rxg3 65. Rxh5 Ke6 66. Rh8 Kd5 67. h5 Kc5 68. h6 Rg6 69. Kd7 f5 70. c7 Rd6+ 71. Ke7 1-0

[Event "Pucallpa op 1st"]
[Site "Pucallpa"]
[Date "2020.03.01"]
[Round "4"]
[White "Flores Tomasto, Luis"]
[Black "Maravi Palomino, David Alejandro"]
[Result "1-0"]
[WhiteElo "2200"]
[BlackElo "1372"]
[PlyCount "63"]
[EventDate "2020.02.29"]
[EventType "swiss"]
[EventRounds "6"]
[EventCountry "PER"]
[SourceTitle "CBM 195 Extra"]
[Source "ChessBase"]
[SourceDate "2020.05.31"]
[SourceVersion "1"]
[SourceVersionDate "2020.05.31"]
[SourceQuality "1"]

1. e4 e6 2. d4 d5 3. Nc3 Bb4 4. e5 c5 5. Qg4 g6 6. dxc5 Bxc5 7. Nf3 Nc6 8. Bd3 Nge7 9. 0-0 a6 10. Bg5 Qc7 11. Bf6 Rg8 12. a3 Bd7 13. Qh4 h5 14. Rfe1 b5 15. b4 Ba7 16. a4 bxa4 17. Nxa4 Nf5 18. Qf4 Rb8 19. c3 Nce7 20. Qd2 Bb5 21. h3 Bxd3 22. Qxd3 Ng3 23. Nd2 Nef5 24. Qxa6 Kd7 25. Nc5+ Bxc5 26. bxc5 Ne4 27. Nxe4 dxe4 28. Rad1+ Ke8 29. Qa4+ Kf8 30. Rd7 Qxc5 31. Red1 Re8 32. Rd8 1-0

[Event "Arica op 5th"]
[Site "Arica"]
[Date "2018.12.14"]
[Round "3"]
[White "Sivuk, Vitaly"]
[Black "Flores Tomasto, Luis"]
[Result "1-0"]
[WhiteElo "2542"]
[BlackElo "2252"]
[PlyCount "51"]
[EventDate "2018.12.13"]
[EventType "swiss"]
[EventRounds "10"]
[EventCountry "CHI"]
[SourceTitle "CBM 188 Extra"]
[Source "ChessBase"]
[SourceDate "2019.02.26"]
[SourceVersion "1"]
[SourceVersionDate "2019.02.26"]
[SourceQuality "1"]

1. Nf3 Nf6 2. g3 g6 3. b3 Bg7 4. Bb2 0-0 5. Bg2 d6 6. d4 Nbd7 7. c4 e5 8. dxe5 Ng4 9. Nc3 Ngxe5 10. Qd2 Re8 11. 0-0 a6 12. Rad1 Rb8 13. Nxe5 Nxe5 14. c5 Bg4 15. h3 Bf5 16. cxd6 c5 17. f4 Nc6 18. e4 Bd7 19. Nd5 Nd4 20. e5 f6 21. Bxd4 cxd4 22. Ne7+ Rxe7 23. dxe7 Qxe7 24. Qxd4 Bb5 25. exf6 Bxf6 26. Qd5+ 1-0

[Event "Caba Legislatura Cup"]
[Site "Caba"]
[Date "2018.04.09"]
[Round "4"]
[White "Lujan, Carolina"]
[Black "Flores Tomasto, Luis"]
[Result "1/2-1/2"]
[WhiteElo "2360"]
[BlackElo "2211"]
[PlyCount "55"]
[EventDate "2018.04.06"]
[EventType "swiss"]
[EventRounds "9"]
[EventCountry "ARG"]
[SourceTitle "CBM 184 Extra"]
[Source "ChessBase"]
[SourceDate "2018.06.28"]
[SourceVersion "1"]
[SourceVersionDate "2018.06.28"]
[SourceQuality "1"]

1. e4 c5 2. Nc3 d6 3. g3 g6 4. Bg2 Bg7 5. Nge2 Nc6 6. 0-0 e6 7. a3 Nge7 8. Rb1 a5 9. a4 0-0 10. Nb5 e5 11. c3 Bg4 12. h3 Be6 13. d4 cxd4 14. cxd4 d5 15. b3 dxe4 16. dxe5 Nxe5 17. Nf4 Bd7 18. Bxe4 Bc6 19. Nd6 Qd7 20. Ba3 g5 21. Nd3 Qxh3 22. Nxe5 Bxe5 23. Bxc6 Nxc6 24. Ne4 Rfd8 25. Nxg5 Qf5 26. Qh5 Bg7 27. g4 Qg6 28. Qxg6 1/2-1/2

[Event "Lima Surco op 4th"]
[Site "Lima"]
[Date "2017.10.15"]
[Round "2"]
[White "Flores Tomasto, Luis"]
[Black "Valverde Roncagliolo, Marco Augusto"]
[Result "1-0"]
[WhiteElo "2111"]
[BlackElo "1674"]
[PlyCount "69"]
[EventDate "2017.10.15"]
[EventType "swiss"]
[EventRounds "7"]
[EventCountry "PER"]
[SourceTitle "EXT 2019"]
[Source "ChessBase"]
[SourceDate "2018.10.10"]
[SourceVersion "1"]
[SourceVersionDate "2018.10.10"]
[SourceQuality "1"]

1. e4 e5 2. Nf3 Nc6 3. Bb5 a6 4. Ba4 Nf6 5. d3 b5 6. Bb3 Be7 7. 0-0 0-0 8. a4 Rb8 9. axb5 axb5 10. Nc3 d6 11. Nd5 Nxd5 12. Bxd5 Bd7 13. c3 Bf6 14. Be3 Ra8 15. Qb3 Rxa1 16. Rxa1 Ne7 17. Ra8 Nc8 18. Qa2 c6 19. Bb3 Qc7 20. Bg5 Qd8 21. Be3 Qc7 22. h3 h6 23. Nh2 c5 24. Ng4 Be7 25. Bd5 Bc6 26. Ra6 Bb7 27. Bxb7 Qxb7 28. Bd2 Bd8 29. Ne3 Nb6 30. Ra7 Qb8 31. Qa6 Bc7 32. Rb7 Qa8 33. Rxb6 Bxb6 34. Qxb6 Qa1+ 35. Nf1 1-0

[Event "Lima Surco op 2nd"]
[Site "Lima"]
[Date "2017.07.09"]
[Round "3"]
[White "Arcos Amado, Luis Gabriel"]
[Black "Flores Tomasto, Luis"]
[Result "0-1"]
[WhiteElo "1491"]
[BlackElo "2086"]
[PlyCount "64"]
[EventDate "2017.07.08"]
[EventType "swiss"]
[EventRounds "9"]
[EventCountry "PER"]
[SourceTitle "EXT 2018"]
[Source "ChessBase"]
[SourceDate "2017.10.13"]
[SourceVersion "1"]
[SourceVersionDate "2017.10.13"]
[SourceQuality "1"]

1. Nf3 Nf6 2. c4 g6 3. g3 Bg7 4. Bg2 0-0 5. 0-0 d5 6. cxd5 Nxd5 7. d4 Nb6 8. Nc3 Nc6 9. e3 e5 10. dxe5 Nxe5 11. Nd4 Bg4 12. Qc2 c5 13. Nde2 Nf3+ 14. Kh1 Qc8 15. Ng1 Nxg1 16. Kxg1 Bh3 17. b3 Bxg2 18. Kxg2 h5 19. Bb2 Qc6+ 20. e4 Rfe8 21. Rfe1 Rad8 22. Rad1 h4 23. Rxd8 Rxd8 24. Rd1 Rd4 25. f3 Qd7 26. Rxd4 h3+ 27. Kf1 cxd4 28. Nd1 Qb5+ 29. Kg1 Qa5 30. Qf2 Qxa2 31. Bxd4 Bxd4 32. Qxd4 Qg2# 0-1

[Event "PER-ch"]
[Site "Lima"]
[Date "2017.03.04"]
[Round "7"]
[White "Escalante Ramirez, Brian Sebastian"]
[Black "Flores Tomasto, Luis"]
[Result "1-0"]
[WhiteElo "2313"]
[BlackElo "1974"]
[PlyCount "103"]
[EventDate "2017.03.01"]
[EventType "swiss"]
[EventRounds "9"]
[EventCountry "PER"]
[SourceTitle "CBM 177 Extra"]
[Source "ChessBase"]
[SourceDate "2017.04.27"]
[SourceVersion "1"]
[SourceVersionDate "2017.04.27"]
[SourceQuality "1"]

1. e4 c5 2. Nf3 d6 3. d4 cxd4 4. Nxd4 Nf6 5. f3 Nc6 6. c4 g6 7. Be3 Bg7 8. Qd2 0-0 9. Nc3 Bd7 10. Be2 a5 11. b3 Nxd4 12. Bxd4 Bc6 13. 0-0 Nd7 14. Bf2 Nc5 15. Rab1 Qb6 16. a3 Qc7 17. Nd5 Bxd5 18. exd5 a4 19. b4 Nb3 20. Qd3 Rfc8 21. Rfd1 Qd8 22. g4 Qf8 23. Qe4 f5 24. gxf5 Qxf5 25. Qxf5 gxf5 26. f4 Kh8 27. Kf1 Rg8 28. c5 Rgc8 29. c6 bxc6 30. dxc6 d5 31. Rxd5 Rxc6 32. Rbd1 Bb2 33. b5 Rc1 34. b6 Rb8 35. Rxc1 Bxc1 36. Bb5 Bxf4 37. Rxf5 e5 38. Bxa4 Nd2+ 39. Ke2 Ne4 40. Rxf4 exf4 41. Bd4+ Kg8 42. Bc6 Nd6 43. a4 Rc8 44. Bd5+ Kf8 45. a5 Nb5 46. b7 Nxd4+ 47. Kd3 Rd8 48. Kxd4 f3 49. Ke3 Ke7 50. a6 f2 51. Kxf2 Kd6 52. a7 1-0

[Event "Lima Palma Memorial 2nd"]
[Site "Lima"]
[Date "2016.09.11"]
[Round "2.5"]
[White "Flores Tomasto, Luis"]
[Black "Garceran Izquierdo, Ruben"]
[Result "1-0"]
[WhiteElo "1897"]
[BlackElo "1683"]
[PlyCount "72"]
[EventDate "2016.09.09"]
[EventType "swiss"]
[EventRounds "7"]
[EventCountry "PER"]
[SourceTitle "EXT 2024"]
[Source "ChessBase"]
[SourceDate "2023.10.10"]
[SourceVersion "1"]
[SourceVersionDate "2023.10.10"]
[SourceQuality "1"]

1. e4 e6 2. d4 d5 3. Nc3 Bb4 4. e5 c5 5. Qg4 cxd4 6. Qxg7 dxc3 7. b3 Qh4 8. Qxh8 Qe4+ 9. Ne2 Bf8 10. Qxg8 Qxc2 11. Bh6 Nd7 12. Rc1 Qe4 13. Rxc3 d4 14. Bxf8 Nxf8 15. Rf3 f5 16. exf6 Bd7 17. f7+ Ke7 18. Qg5+ Kd6 19. Qf6 Qb1+ 20. Kd2 Qxa2+ 21. Kd1 Qa1+ 22. Nc1 Rc8 23. Qh6 Bc6 24. Rg3 Bd5 25. Qd2 a5 26. Bd3 Bxb3+ 27. Ke2 Bd5 28. Rg8 Ke7 29. Qg5+ Kd6 30. Re1 b5 31. Kf1 Qb2 32. Qe5+ Kd7 33. Ne2 Rc5 34. Qb8 Rc8 35. Qxc8+ Kxc8 36. Rxf8+ Kd7 1-0

[Event "Lima Santisimo Nombre de Jesus 4"]
[Site "Lima"]
[Date "2014.08.07"]
[Round "7.7"]
[White "Morales Orozco, Silvana"]
[Black "Flores Tomasto, Luis"]
[Result "0-1"]
[WhiteElo "1366"]
[BlackElo "1500"]
[PlyCount "85"]
[EventDate "2014.08.04"]
[EventType "swiss"]
[EventRounds "8"]
[EventCountry "PER"]
[SourceTitle "EXT 2024"]
[Source "ChessBase"]
[SourceDate "2023.10.10"]
[SourceVersion "1"]
[SourceVersionDate "2023.10.10"]
[SourceQuality "1"]

1. e4 e6 2. Nc3 d5 3. Nf3 Nf6 4. d3 dxe4 5. Nd2 Bb4 6. a3 Bxc3 7. bxc3 exd3 8. Bxd3 0-0 9. 0-0 Nbd7 10. Re1 b6 11. h3 Bb7 12. c4 Nc5 13. Re3 Re8 14. Rb1 Nfd7 15. Bb2 Qe7 16. Rg3 g6 17. Bd4 Nxd3 18. cxd3 c5 19. Bc3 f5 20. Rb5 Bc6 21. Rb1 e5 22. Qe2 f4 23. Rg4 Nf6 24. Rxf4 exf4 25. Qxe7 Rxe7 26. Bxf6 Re2 27. Rd1 Ba4 28. Rf1 Rxd2 29. d4 cxd4 30. Kh2 d3 31. Re1 Re2 32. Rb1 d2 33. Bc3 d1Q 34. Rxd1 Bxd1 35. h4 Rxf2 36. Bd4 Rc2 37. Kh3 Rxc4 38. Bf2 Rf8 39. h5 f3 40. Kh2 fxg2 41. Be3 Bc2 42. Bd2 Rf1 43. Kg3 0-1